000 00267nam a2200097Ia 4500
001 655272
005 20250826154534.0
008 250824s9999 xx 000 0 und d
245 0 _aDEDE KORKUT ANTİK OKUL KLASİKLERİ
_cANONİM
260 _bANTİK DÜNYA KLASİKLERİ
999 _c655272
_d655272